Moteurs Formule 1 - Saison 2022 - Statistiques

Statistiques générales
  • Ce quiz a été pris 491 fois
  • Le résultat moyen est 9 sur 10
Statistiques - réponses
Question Réponse % Correct
Mercedes Mercedes
100%
Ferrari Ferrari
98%
Alpine Renault
98%
AlphaTauri Honda
90%
McLaren Mercedes
90%
Williams Mercedes
90%
Red Bull Honda
89%
Haas Ferrari
86%
Alfa Romeo Ferrari
79%
Aston Martin Mercedes
75%
Aucun quiz correspondant
Distribution des résultats
% des personnes avec chaque résultat
Percentile par nombre de réponses
Votre historique - résultats
Vous n’avez pas pris ce quiz